[Event "Cherry Blossom Classic"]
[Site "Dulles USA"]
[Date "2022.05.30"]
[Round "8.6"]
[White "Ansh, M Shah"]
[Black "Chiku-Ratte, Olivier-Kenta"]
[Result "0-1"]
[WhiteElo "2130"]
[BlackElo "2358"]
[PlyCount "116"]
[EventDate "2022.05.26"]
[EventType "swiss"]
[EventRounds "9"]
[EventCountry "USA"]
[Source "Mark Crowther"]
[SourceDate "2022.06.06"]

1. d4 Nf6 2. c4 g6 3. h4 Bg7 4. Nc3 d5 5. h5 Nxh5 6. cxd5 O-O 7. e4 Nf6 8. Bg5
c6 9. Qd2 Re8 10. Bh6 Bh8 11. f3 b5 12. a3 a6 13. Nh3 cxd5 14. e5 Nh5 15. Ng5
f6 16. Rxh5 fxg5 17. Rxg5 Nc6 18. Rc1 Bf6 19. Nxb5 Na5 20. Nc7 Nb3 21. Qc2 Bxg5
22. Bxg5 Nxc1 23. Qxc1 Bf5 24. Nxe8 Rc8 25. Qd2 Qxe8 26. Qb4 Rb8 27. Qc5 Rxb2
28. Bxe7 Qc8 29. Qxd5+ Be6 30. Qc5 Qxc5 31. Bxc5 Bd5 32. Bxa6 Rxg2 33. Be2 Rg1+
34. Kf2 Ra1 35. Bd3 Kf7 36. Ke3 Ke6 37. Kf4 Rg1 38. Be4 g5+ 39. Ke3 h5 40. Kf2
Ra1 41. Bh7 Ra2+ 42. Ke3 Kf7 43. Bf5 Bc4 44. Bd3 Bd5 45. Be4 Bxe4 46. Kxe4 h4
47. d5 h3 48. e6+ Kg6 49. d6 h2 50. e7 Re2+ 51. Kd3 Rxe7 52. dxe7 Kf7 53. Bb4
h1=Q 54. Ke3 Qf1 55. Ke4 Qe2+ 56. Kf5 Qe3 57. Kg4 Qf4+ 58. Kh5 Qh4# 0-1

[Event "Cherry Blossom Classic"]
[Site "Dulles USA"]
[Date "2022.05.30"]
[Round "9.5"]
[White "Chiku-Ratte, Olivier-Kenta"]
[Black "Zlotnikov, Mikhail"]
[Result "1-0"]
[WhiteElo "2358"]
[BlackElo "2194"]
[PlyCount "79"]
[EventDate "2022.05.26"]
[EventType "swiss"]
[EventRounds "9"]
[EventCountry "USA"]
[Source "ChessMix"]
[SourceDate "2022.06.01"]
[TimeControl "5400+30"]

1. d4 Nf6 2. c4 g6 3. Nc3 Bg7 4. e4 d6 5. Be2 O-O 6. h4 c5 7. d5 e6 8. h5 exd5
9. exd5 Re8 10. Kf1 Nbd7 11. hxg6 fxg6 12. Nf3 a6 13. a4 Qc7 14. Bf4 Nh5 15.
Bh2 Nhf6 16. Qd2 Nf8 17. Bd3 Ng4 18. Bf4 Bf5 19. Bxf5 gxf5 20. Rh5 Qf7 21. Rh3
Rad8 22. Re1 Rxe1+ 23. Qxe1 h6 24. Qd2 Ng6 25. g3 Qf6 26. Kg2 N6e5 27. Qe2 Nxf3
28. Qxf3 Re8 29. Rh1 Qg6 30. Nd1 Ne5 31. Bxe5 Bxe5 32. Ne3 Rf8 33. Rh5 f4 34.
Ng4 Qxh5 35. Nf6+ Rxf6 36. Qxh5 fxg3 37. fxg3 Kg7 38. Qg4+ Rg6 39. Qd7+ Kf6 40.
g4 1-0

[Event "Chessable op"]
[Site "Formentera ESP"]
[Date "2022.04.30"]
[Round "2"]
[White "Chiku-Ratte, Olivier-Kenta"]
[Black "Santos Latasa, Jaime"]
[Result "0-1"]
[WhiteElo "2358"]
[BlackElo "2672"]
[PlyCount "80"]
[EventDate "2022.04.29"]
[EventType "swiss"]
[EventRounds "10"]
[EventCountry "ESP"]
[Source "ChessMix"]
[SourceDate "2022.05.10"]

1. d4 Nf6 2. c4 e6 3. Nf3 d5 4. e3 b6 5. Bd3 Bb7 6. O-O Bd6 7. Nc3 O-O 8. Qc2
dxc4 9. Bxc4 c5 10. dxc5 Bxc5 11. e4 Nc6 12. Bg5 Qc7 13. Bh4 Ne5 14. Nxe5 Qxe5
15. Rfe1 Rac8 16. Bg3 Qg5 17. Be2 Rfd8 18. Rad1 h5 19. Qc1 Qxc1 20. Rxc1 Rd2
21. e5 Ng4 22. h3 Nh6 23. Rb1 g5 24. Red1 Rcd8 25. Kf1 Nf5 26. Bh2 Nh4 27. Rxd2
Rxd2 28. Ke1 Rd4 29. Bxh5 Bxg2 30. Ke2 Bxh3 31. Rg1 g4 32. Rg3 Nf3 33. Rxf3
gxf3+ 34. Bxf3 Bg4 35. Bxg4 Rxg4 36. Kf3 Rc4 37. Ke2 Kg7 38. Bg3 Kg6 39. Kd3
Rd4+ 40. Ke2 Bb4 0-1

[Event "Chessable op"]
[Site "Formentera ESP"]
[Date "2022.05.01"]
[Round "3"]
[White "Bernard, Jacques"]
[Black "Chiku-Ratte, Olivier-Kenta"]
[Result "1/2-1/2"]
[WhiteElo "2122"]
[BlackElo "2358"]
[PlyCount "148"]
[EventDate "2022.04.29"]
[EventType "swiss"]
[EventRounds "10"]
[EventCountry "ESP"]
[Source "ChessMix"]
[SourceDate "2022.05.10"]

1. e4 c5 2. Nf3 e6 3. d4 cxd4 4. Nxd4 Nc6 5. Nb5 d6 6. c4 Nf6 7. N1c3 a6 8. Na3
Be7 9. Be2 O-O 10. O-O b6 11. Be3 Bb7 12. f4 Na5 13. b4 Nc6 14. Nc2 Rc8 15. a3
Nb8 16. Qd3 b5 17. cxb5 Qc7 18. Bd4 e5 19. b6 Qd8 20. Be3 Nbd7 21. Rad1 Nxb6
22. fxe5 dxe5 23. Qxd8 Bxd8 24. Bc5 Re8 25. Ne3 Be7 26. Bxb6 Rxc3 27. Nf5 Bf8
28. Nh6+ gxh6 29. Rxf6 Bxe4 30. Bxa6 Rxa3 31. Bc4 Bg6 32. Rd7 Ra1+ 33. Kf2 Kg7
34. Rf3 Re7 35. Rd8 Rb7 36. Bc5 Bxc5+ 37. bxc5 Rc7 38. Bd5 Rd1 39. Rc3 Kf6 40.
Rd6+ Ke7 41. Bxf7 Rxc5 42. Rxd1 Rxc3 43. Bd5 Kf6 44. Rd2 e4 45. Rb2 Ke5 46. Bb7
Bf7 47. Re2 Rc4 48. Rd2 Be6 49. Rb2 Rc3 50. Re2 Bf5 51. Rb2 h5 52. Rb5+ Kf6 53.
Rb6+ Kg5 54. Rb5 Kg6 55. Rb6+ Kg7 56. Rb4 e3+ 57. Ke2 Be6 58. Bf3 Bc4+ 59. Rxc4
Rxc4 60. Kxe3 h4 61. h3 Kf6 62. Kf2 Ke5 63. Kg1 Rc3 64. Kh2 Kf4 65. Bb7 Rb3 66.
Bc6 Rb6 67. Bf3 Ke3 68. Bd5 Rd6 69. Bf3 Kf2 70. Be4 h6 71. Bf3 Kf1 72. Be4 Re6
73. Bf3 Kf2 74. Bd5 Rf6 1/2-1/2

[Event "Chessable op"]
[Site "Formentera ESP"]
[Date "2022.05.03"]
[Round "5"]
[White "Tsatsalashvili, Keti"]
[Black "Chiku-Ratte, Olivier-Kenta"]
[Result "1-0"]
[WhiteElo "2331"]
[BlackElo "2358"]
[PlyCount "77"]
[EventDate "2022.04.29"]
[EventType "swiss"]
[EventRounds "10"]
[EventCountry "ESP"]
[Source "ChessMix"]
[SourceDate "2022.05.10"]

1. d4 Nf6 2. Nf3 g6 3. c4 Bg7 4. Nc3 d6 5. e4 O-O 6. h3 e5 7. d5 Nh5 8. Nh2 Na6
9. g3 Nc5 10. b4 Na6 11. a3 f5 12. exf5 e4 13. Qb3 Qf6 14. Bd2 e3 15. fxe3 Nxg3
16. Rg1 Nxf1 17. Nxf1 Qh4+ 18. Ng3 Be5 19. O-O-O Bxg3 20. fxg6 hxg6 21. Ne2 Be5
22. Rxg6+ Kh7 23. Rdg1 Bd7 24. e4 Rg8 25. Rh6+ Qxh6 26. Bxh6 Rxg1+ 27. Nxg1
Kxh6 28. Qe3+ Kh7 29. Nf3 Bg7 30. Ng5+ Kg6 31. h4 Rf8 32. Qg1 Bh6 33. Kc2 Kh5
34. Ne6 Rf3 35. b5 Nc5 36. Qd1 Bxe6 37. dxe6 Nxe6 38. Qxf3+ Kxh4 39. Qf6+ 1-0

[Event "Chessable op"]
[Site "Formentera ESP"]
[Date "2022.05.05"]
[Round "7.10"]
[White "Real, Thibault"]
[Black "Chiku-Ratte, Olivier-Kenta"]
[Result "1-0"]
[WhiteElo "2262"]
[BlackElo "2358"]
[PlyCount "75"]
[EventDate "2022.04.29"]
[EventType "swiss"]
[EventRounds "10"]
[EventCountry "ESP"]
[Source "ChessMix"]
[SourceDate "2022.05.10"]

1. d4 Nf6 2. Nf3 g6 3. c4 Bg7 4. e3 O-O 5. Be2 c5 6. d5 d6 7. Nc3 Bf5 8. O-O
Ne4 9. Nxe4 Bxe4 10. Ng5 Bf5 11. f4 b5 12. h4 bxc4 13. e4 Bc8 14. h5 Nd7 15.
Be3 Rb8 16. hxg6 hxg6 17. Qe1 Bf6 18. f5 Bxg5 19. Bxg5 f6 20. Bh6 g5 21. Bxf8
Qxf8 22. Kf2 Ne5 23. Qc3 Kf7 24. Rh1 Ke8 25. Rh7 g4 26. Rah1 Kd7 27. Qa5 g3+
28. Ke1 Nf7 29. Bd1 Rb6 30. Qxa7+ Rb7 31. Qa5 Rb4 32. Ba4+ Rxa4 33. Qxa4+ Kc7
34. Qc6+ Kb8 35. Rxf7 Qd8 36. Qb5+ Bb7 37. Rhh7 Qg8 38. Rxe7 1-0

[Event "Chessable op"]
[Site "Formentera ESP"]
[Date "2022.05.06"]
[Round "8.12"]
[White "Chiku-Ratte, Olivier-Kenta"]
[Black "Mouhamad, Joachim"]
[Result "1-0"]
[WhiteElo "2358"]
[BlackElo "2290"]
[PlyCount "45"]
[EventDate "2022.04.29"]
[EventType "swiss"]
[EventRounds "10"]
[EventCountry "ESP"]
[Source "ChessMix"]
[SourceDate "2022.05.10"]

1. d4 d5 2. c4 e6 3. Nc3 a6 4. cxd5 exd5 5. Bf4 Nf6 6. e3 Bd6 7. Bg5 c6 8. Bd3
Be6 9. f4 h6 10. Bh4 g5 11. fxg5 hxg5 12. Bxg5 Rxh2 13. Rxh2 Bxh2 14. Qf3 Nbd7
15. Nge2 Bd6 16. O-O-O Be7 17. Rh1 Ng8 18. Rh8 Bxg5 19. Rxg8+ Nf8 20. Nf4 Qf6
21. Nxe6 Qxf3 22. Rxf8+ Ke7 23. gxf3 1-0

[Event "Chessable op"]
[Site "Formentera ESP"]
[Date "2022.05.08"]
[Round "9.10"]
[White "Papadiamandis, Elliot"]
[Black "Chiku-Ratte, Olivier-Kenta"]
[Result "1/2-1/2"]
[WhiteElo "2373"]
[BlackElo "2358"]
[PlyCount "91"]
[EventDate "2022.04.29"]
[EventType "swiss"]
[EventRounds "10"]
[EventCountry "ESP"]
[Source "ChessMix"]
[SourceDate "2022.05.10"]
[TimeControl "40/5400+30:1800+30"]

1. e4 {[%emt 0:00:01]} c5 {[%emt 0:02:24]} 2. Nf3 {[%emt 0:00:23]} Nf6 {
[%emt 0:01:02]} 3. e5 {[%emt 0:07:42]} Nd5 {[%emt 0:00:36]} 4. d4 {
[%emt 0:00:43]} cxd4 {[%emt 0:00:24]} 5. Qxd4 {[%emt 0:04:04]} e6 {
[%emt 0:02:09]} 6. Bc4 {[%emt 0:07:39]} Nc6 {[%emt 0:00:44]} 7. Qe4 {
[%emt 0:01:23]} d6 {[%emt 0:00:50]} 8. O-O {[%emt 0:01:53]} dxe5 {
[%emt 0:21:28]} 9. Nxe5 {[%emt 0:01:22]} Nf6 {[%emt 0:14:41]} 10. Nxc6 {
[%emt 0:08:22]} Nxe4 {[%emt 0:06:35]} 11. Nxd8 {[%emt 0:00:25]} Kxd8 {
[%emt 0:00:05]} 12. Re1 {[%emt 0:03:48]} Nd6 {[%emt 0:03:22]} 13. Bb3 {
[%emt 0:03:40]} Bd7 {[%emt 0:03:21]} 14. Nc3 {[%emt 0:01:27]} a5 {
[%emt 0:05:26]} 15. a4 {[%emt 0:03:20]} Ra6 {[%emt 0:05:04]} 16. Bf4 {
[%emt 0:02:49]} Be7 {[%emt 0:07:17]} 17. Rad1 {[%emt 0:03:19]} Kc8 {
[%emt 0:02:55]} 18. Rd3 {[%emt 0:10:20]} Rd8 {[%emt 0:05:49]} 19. Red1 {
[%emt 0:07:10]} Be8 {[%emt 0:02:05]} 20. Rh3 {[%emt 0:03:05]} h6 {
[%emt 0:01:41]} 21. Be5 {[%emt 0:00:27]} Nf5 {[%emt 0:05:56]} 22. Rxd8+ {
[%emt 0:04:05]} Bxd8 {[%emt 0:00:22]} 23. g4 {[%emt 0:01:30]} Nh4 {
[%emt 0:01:12]} 24. Bxg7 {[%emt 0:01:17]} Bc6 {[%emt 0:03:24]} 25. Bxh6 {
[%emt 0:00:37]} Nf3+ {[%emt 0:00:18]} 26. Kf1 {[%emt 0:00:23]} Bc7 {
[%emt 0:00:02]} 27. Be3 {[%emt 0:02:21]} Nxh2+ {[%emt 0:01:30]} 28. Ke2 {
[%emt 0:00:01]} Nxg4 {[%emt 0:02:30]} 29. Rh8+ {[%emt 0:01:12]} Kd7 {
[%emt 0:00:21]} 30. Bc4 {[%emt 0:01:29]} Bf3+ {[%emt 0:00:54]} 31. Ke1 {
[%emt 0:00:01]} Nxe3 {[%emt 0:00:20]} 32. Bb5+ {[%emt 0:08:16]} Ke7 {
[%emt 0:00:44]} 33. fxe3 {[%emt 0:02:19]} Rd6 {[%emt 0:00:36]} 34. Kf2 {
[%emt 0:03:24]} Bc6 {[%emt 0:00:47]} 35. Ke2 {[%emt 0:01:08]} Bd7 {
[%emt 0:00:33]} 36. Rh7 {[%emt 0:01:25]} Be8 {[%emt 0:00:24]} 37. Bxe8 {
[%emt 0:02:09]} Kxe8 {[%emt 0:00:01]} 38. Ne4 {[%emt 0:00:07]} Rb6 {
[%emt 0:01:01]} 39. b3 {[%emt 0:00:21]} Rc6 {[%emt 0:00:13]} 40. Kd3 {
[%emt 0:00:00]} Bd8 {[%emt 0:00:00]} 41. Rh8+ {[%emt 0:10:30]} Kd7 {
[%emt 0:02:52]} 42. Rh7 {[%emt 0:00:48]} Ke8 {[%emt 0:01:10]} 43. Rh8+ {
[%emt 0:02:18]} Kd7 {[%emt 0:00:06]} 44. Rh7 {[%emt 0:00:05]} Ke8 {
[%emt 0:00:07]} 45. c4 {[%emt 0:00:05]} f5 {[%emt 0:00:02]} 46. Nc3 {
[%emt 0:00:02]} 1/2-1/2

[Event "Sunway Formentera op"]
[Site "Sant Ferran de ses Roques ESP"]
[Date "2022.05.02"]
[Round "4.13"]
[White "Chiku-Ratte, Olivier-Kenta"]
[Black "Vanduyfhuys, Daria"]
[Result "1-0"]
[WhiteElo "2364"]
[BlackElo "2080"]
[PlyCount "103"]
[EventDate "2022.04.29"]
[EventType "swiss"]
[EventRounds "10"]
[EventCountry "ESP"]
[Source "Mark Crowther"]
[SourceDate "2022.05.09"]

1. d4 Nf6 2. c4 e6 3. Nf3 d5 4. Nc3 Be7 5. Bg5 O-O 6. e3 c6 7. Bd3 Nbd7 8. O-O
dxc4 9. Bxc4 b5 10. Bd3 a6 11. e4 Bb7 12. e5 Nd5 13. Bxe7 Qxe7 14. Ne4 Nb4 15.
Nd6 Rab8 16. Bb1 c5 17. dxc5 Bd5 18. Qd4 Nc6 19. Qg4 g6 20. Qf4 Nxc5 21. Rc1
Nd7 22. Ne4 f6 23. exf6 Nxf6 24. Qe3 Ng4 25. Qg5 Qxg5 26. Nexg5 h6 27. Nxe6 Rf6
28. Nc5 Bxf3 29. Nd7 Bd5 30. Nxf6+ Nxf6 31. Bxg6 Kg7 32. Bd3 Kf7 33. f3 Ke6 34.
Kf2 Kd6 35. Rd1 Kc5 36. Rac1+ Kb6 37. b3 Nb4 38. Bb1 Re8 39. Rd4 a5 40. Rf4 Re6
41. Rc8 Bc6 42. Rd4 Nbd5 43. Rd2 Nc3 44. Bf5 Re5 45. Rd6 Rxf5 46. Rdxc6+ Kb7
47. R8c7+ Kb8 48. Rxc3 Ne4+ 49. Ke3 Nxc3 50. Rxc3 Kb7 51. Ke4 Rg5 52. g4 1-0

[Event "Sunway Formentera op"]
[Site "Sant Ferran de ses Roques ESP"]
[Date "2022.05.04"]
[Round "6.14"]
[White "Chiku-Ratte, Olivier-Kenta"]
[Black "Dukic, Zachary"]
[Result "1-0"]
[WhiteElo "2364"]
[BlackElo "2226"]
[PlyCount "97"]
[EventDate "2022.04.29"]
[EventType "swiss"]
[EventRounds "10"]
[EventCountry "ESP"]
[Source "Mark Crowther"]
[SourceDate "2022.05.09"]

1. Nf3 d5 2. c4 c6 3. e3 Nf6 4. Qc2 g6 5. b3 Bg7 6. Bb2 O-O 7. Be2 Na6 8. a3
dxc4 9. bxc4 Nc5 10. d3 Qa5+ 11. Nbd2 Na4 12. Bd4 c5 13. Be5 Ne8 14. Bxg7 Nxg7
15. Rb1 f6 16. Rb5 Qa6 17. Bd1 Nb6 18. Rxc5 Qxa3 19. Rb5 Bd7 20. Rb3 Qc5 21. d4
Qc7 22. c5 Nd5 23. e4 Nf4 24. g3 Nh3 25. Qc4+ Kh8 26. d5 Rac8 27. Rc3 a6 28.
Be2 Qb8 29. Qb4 Qa7 30. Kf1 e6 31. Kg2 exd5 32. exd5 a5 33. Qa3 b5 34. cxb6
Qxb6 35. Rf1 Ra8 36. Ne4 Nh5 37. Re3 Bg4 38. Kh1 f5 39. Qc3+ Kg8 40. Neg5 f4
41. d6 Nxg5 42. Nxg5 Bxe2 43. Rxe2 fxg3 44. Qc4+ Kh8 45. Re7 g2+ 46. Kxg2 Ra7
47. d7 Nf6 48. d8=Q Rxd8 49. Rxa7 1-0

[Event "Sunway Formentera op"]
[Site "Sant Ferran de ses Roques ESP"]
[Date "2022.05.08"]
[Round "10.10"]
[White "Chiku-Ratte, Olivier-Kenta"]
[Black "Alinasab, Mobina"]
[Result "1-0"]
[WhiteElo "2364"]
[BlackElo "2355"]
[PlyCount "75"]
[EventDate "2022.04.29"]
[EventType "swiss"]
[EventRounds "10"]
[EventCountry "ESP"]
[Source "Mark Crowther"]
[SourceDate "2022.05.09"]

1. d4 d5 2. c4 e6 3. Nc3 c5 4. cxd5 exd5 5. Nf3 Nf6 6. g3 Nc6 7. Bg2 cxd4 8.
Nxd4 Bc5 9. Nb3 Bb6 10. O-O d4 11. Na4 O-O 12. Nxb6 axb6 13. Bxc6 bxc6 14. Nxd4
c5 15. Nb5 Qe7 16. Bg5 Bh3 17. Re1 Qe5 18. Bxf6 Qe4 19. f3 Qe3+ 20. Kh1 gxf6
21. Nc3 Rad8 22. Qc1 Qf2 23. Rg1 Rfe8 24. Qe1 Qe3 25. g4 Qh6 26. Rd1 Rd4 27.
Rxd4 cxd4 28. Ne4 Kh8 29. Nd6 Rf8 30. Nf5 Qf4 31. Qh4 Qe5 32. Qxh3 Qxe2 33.
Nxd4 Qd3 34. Qh6 Kg8 35. Qxf6 Re8 36. Qf4 h6 37. g5 h5 38. Nf5 1-0

[Event "Charlotte Spring IM-D"]
[Site "Charlotte USA"]
[Date "2022.03.16"]
[Round "1.1"]
[White "Woodward, Andy"]
[Black "Chiku-Ratte, Olivier-Kenta"]
[Result "0-1"]
[WhiteElo "2301"]
[BlackElo "2382"]
[PlyCount "86"]
[EventDate "2022.03.16"]
[EventType "tourn"]
[EventRounds "9"]
[EventCountry "USA"]
[EventCategory "1"]
[Source "ChessMix"]
[SourceDate "2022.04.01"]

1. d4 Nf6 2. c4 g6 3. Nc3 Bg7 4. e4 d6 5. Be2 O-O 6. Be3 c5 7. d5 e6 8. Nf3
exd5 9. cxd5 Bg4 10. Nd2 Bxe2 11. Qxe2 a6 12. a4 Re8 13. f3 Nbd7 14. O-O Qe7
15. Kh1 Rab8 16. a5 Nh5 17. Nc4 Ne5 18. Nb6 Nf6 19. Bg5 h6 20. Bh4 Qc7 21. f4
Ned7 22. Nc4 b5 23. axb6 Nxb6 24. Bxf6 Bxf6 25. e5 Nxc4 26. Qxc4 dxe5 27. Rxa6
Bg7 28. f5 gxf5 29. Rxf5 Rxb2 30. d6 Qb7 31. Rf3 e4 32. Rf1 e3 33. Ne2 Rb4 34.
Qa2 Rb2 35. Qc4 Rb1 36. Nc1 e2 37. Re1 Rxc1 38. Qxc1 Qxa6 39. d7 Rd8 40. Qe3
Qe6 41. Qxc5 Qxd7 42. Qf2 Qd1 43. h3 Qxe1+ 0-1

[Event "Charlotte Spring IM-D"]
[Site "Charlotte USA"]
[Date "2022.03.17"]
[Round "3.1"]
[White "Matros, Alexander"]
[Black "Chiku-Ratte, Olivier-Kenta"]
[Result "1/2-1/2"]
[WhiteElo "2357"]
[BlackElo "2382"]
[PlyCount "159"]
[EventDate "2022.03.16"]
[EventType "tourn"]
[EventRounds "9"]
[EventCountry "USA"]
[EventCategory "1"]
[Source "ChessMix"]
[SourceDate "2022.04.01"]

1. d4 Nf6 2. c4 g6 3. Nc3 Bg7 4. e4 d6 5. Nf3 O-O 6. h3 e5 7. dxe5 dxe5 8. Qxd8
Rxd8 9. Bg5 Re8 10. Nd5 Nxd5 11. cxd5 c6 12. Bc4 b5 13. Bb3 Bb7 14. Rc1 Bf8 15.
Be3 Bb4+ 16. Ke2 a5 17. a3 Bf8 18. Rhd1 a4 19. Ba2 b4 20. axb4 Ba6+ 21. Bc4
Bxb4 22. Bxa6 Rxa6 23. Rc4 Bf8 24. dxc6 Nxc6 25. Rdc1 Nd4+ 26. Nxd4 exd4 27.
Rxd4 Rb8 28. Rc2 Bg7 29. Rdd2 Re6 30. Rc4 Ra6 31. Bd4 Bxd4 32. Rcxd4 Rab6 33.
Rxa4 Rxb2 34. Rad4 Rxd2+ 35. Rxd2 Kg7 36. Ke3 Kf6 37. Rd6+ Ke7 38. Rd5 Rb3+ 39.
Rd3 Rb2 40. Rd2 Rb3+ 41. Kf4 h6 42. h4 Rb5 43. f3 Ke6 44. g4 g5+ 45. Kg3 Rb3
46. Rd5 Kf6 47. Rf5+ Kg6 48. h5+ Kg7 49. Kf2 Rb2+ 50. Ke3 Rb3+ 51. Kd4 Rb4+ 52.
Kc5 Ra4 53. Kb5 Ra1 54. Kb4 Rc1 55. Rd5 Kf8 56. Rc5 Rb1+ 57. Kc4 Rf1 58. Rf5
Kg7 59. Kd4 Rd1+ 60. Ke3 Ra1 61. Rd5 Ra3+ 62. Rd3 Ra1 63. Rc3 Kf6 64. Rc6+ Kg7
65. Rd6 Re1+ 66. Kd2 Rf1 67. Ke2 Ra1 68. Rd3 Kf6 69. Ke3 Rf1 70. Kd4 Ra1 71.
Rc3 Rd1+ 72. Ke3 Ra1 73. Rc6+ Kg7 74. Kd4 Rf1 75. Rc3 Rd1+ 76. Ke5 Ra1 77. Rd3
Ra5+ 78. Rd5 Ra6 79. Rd6 Ra5+ 80. Rd5 1/2-1/2

[Event "Charlotte Spring IM-D"]
[Site "Charlotte USA"]
[Date "2022.03.18"]
[Round "5.1"]
[White "Becerra Rivero, Julio"]
[Black "Chiku-Ratte, Olivier-Kenta"]
[Result "1-0"]
[WhiteElo "2493"]
[BlackElo "2382"]
[PlyCount "87"]
[EventDate "2022.03.16"]
[EventType "tourn"]
[EventRounds "9"]
[EventCountry "USA"]
[EventCategory "1"]
[Source "ChessMix"]
[SourceDate "2022.04.01"]

1. e4 c5 2. Nf3 Nc6 3. Bb5 g6 4. O-O Bg7 5. Re1 e5 6. Bxc6 dxc6 7. d3 Qe7 8. a4
Nf6 9. Na3 O-O 10. Nc4 Nd7 11. a5 Rd8 12. Bd2 Nf8 13. Rb1 Qc7 14. h3 b5 15.
axb6 axb6 16. Ra1 Bb7 17. Qe2 Ne6 18. Qf1 Ba6 19. b3 Bxc4 20. bxc4 b5 21. Rxa8
Rxa8 22. Ra1 Qb8 23. Qb1 b4 24. Ra2 Rxa2 25. Qxa2 Qb7 26. Be3 Bf6 27. g3 Nd4
28. Bxd4 cxd4 29. Qa4 h5 30. h4 Kg7 31. Kg2 Qb6 32. Nd2 g5 33. hxg5 Bxg5 34.
Nf3 Bf6 35. Kf1 Qb7 36. c5 Kf8 37. Ke2 Ke8 38. Nd2 h4 39. gxh4 Bxh4 40. Nc4 Qc7
41. Nd6+ Kd7 42. Qa2 Kd8 43. Qa8+ Ke7 44. Nf5+ 1-0

[Event "Charlotte Spring IM-D"]
[Site "Charlotte USA"]
[Date "2022.03.19"]
[Round "6.1"]
[White "Chiku-Ratte, Olivier-Kenta"]
[Black "Chen, Ryo"]
[Result "1-0"]
[WhiteElo "2382"]
[BlackElo "2278"]
[PlyCount "89"]
[EventDate "2022.03.16"]
[EventType "tourn"]
[EventRounds "9"]
[EventCountry "USA"]
[EventCategory "1"]
[Source "ChessMix"]
[SourceDate "2022.04.01"]

1. d4 Nf6 2. c4 g6 3. Nc3 Bg7 4. e4 d6 5. h3 O-O 6. Nf3 e5 7. d5 a5 8. Bd3 Na6
9. O-O Nd7 10. Be3 Ndc5 11. Bc2 f5 12. exf5 gxf5 13. Ne1 Qh4 14. f4 e4 15. a3
Bd7 16. Rb1 Kf7 17. Nb5 Bxb5 18. cxb5 Nb8 19. b4 axb4 20. axb4 Ncd7 21. Bb3 Rg8
22. Bf2 Qh6 23. Qc1 Bf6 24. Kh2 Bh4 25. Bd4 Qg6 26. Rb2 Ra3 27. Kh1 Ke7 28. Rg1
Kd8 29. Rb1 Ra8 30. Qc3 Bf6 31. Nc2 Bxd4 32. Nxd4 Qf6 33. Ne6+ Ke7 34. Qxc7 Qh4
35. Nd4 Qh5 36. Bd1 Qg6 37. Qc3 Nf6 38. g4 fxg4 39. Bxg4 Qf7 40. Nf5+ Kd8 41.
Nxd6 Qf8 42. Qc8+ Ke7 43. Nf5+ Kf7 44. Qe6+ Kg6 45. Bf3# 1-0

[Event "Charlotte Spring IM-D"]
[Site "Charlotte USA"]
[Date "2022.03.19"]
[Round "7.1"]
[White "Rorrer, Grayson"]
[Black "Chiku-Ratte, Olivier-Kenta"]
[Result "1-0"]
[WhiteElo "2191"]
[BlackElo "2382"]
[PlyCount "95"]
[EventDate "2022.03.16"]
[EventType "tourn"]
[EventRounds "9"]
[EventCountry "USA"]
[EventCategory "1"]
[Source "ChessMix"]
[SourceDate "2022.04.01"]

1. e4 c5 2. Nf3 Nc6 3. Bb5 g6 4. O-O Bg7 5. c3 a6 6. Bxc6 dxc6 7. d3 Nf6 8. Qc2
O-O 9. Be3 b6 10. h3 a5 11. a4 Ba6 12. Rd1 Ne8 13. d4 cxd4 14. cxd4 Rc8 15.
Nbd2 Nd6 16. Rac1 h6 17. Qb3 Be2 18. Re1 Bxf3 19. gxf3 b5 20. Kg2 Qd7 21. Rc2
bxa4 22. Qxa4 f5 23. d5 fxe4 24. fxe4 Nb5 25. Rec1 Qb7 26. Rxc6 Nd6 27. b3 Rxc6
28. Rxc6 Ra8 29. Nc4 Nxe4 30. Nb6 Nc3 31. Qg4 Rd8 32. Rxg6 Nxd5 33. Rxg7+ Kh8
34. Nxd5 Qxd5+ 35. f3 Qe5 36. Bxh6 Qe2+ 37. Kg3 Qe1+ 38. Kh2 Qe5+ 39. Qg3 Qb2+
40. Qg2 Qe5+ 41. f4 Qc3 42. Rxe7 Rg8 43. Bg7+ Rxg7 44. Qxg7+ Qxg7 45. Rxg7 Kxg7
46. h4 Kf6 47. Kg3 Ke6 48. Kg4 1-0

[Event "Charlotte Spring IM-D"]
[Site "Charlotte USA"]
[Date "2022.03.20"]
[Round "8.1"]
[White "Chiku-Ratte, Olivier-Kenta"]
[Black "Zaloznyy, Mike"]
[Result "1-0"]
[WhiteElo "2382"]
[BlackElo "2092"]
[PlyCount "95"]
[EventDate "2022.03.16"]
[EventType "tourn"]
[EventRounds "9"]
[EventCountry "USA"]
[EventCategory "1"]
[Source "ChessMix"]
[SourceDate "2022.04.01"]

1. d4 Nf6 2. c4 b6 3. Nf3 Bb7 4. g3 e6 5. Bg2 Be7 6. O-O O-O 7. Nc3 Ne4 8. Qc2
Nxc3 9. bxc3 Nc6 10. Ne5 Na5 11. Bxb7 Nxb7 12. Qa4 d6 13. Nc6 Qd7 14. Nxe7+
Qxe7 15. c5 dxc5 16. Ba3 e5 17. Qa6 Rfb8 18. Rab1 exd4 19. cxd4 Qe6 20. dxc5
Qxa2 21. Ra1 Nxc5 22. Qb5 Qb3 23. Qc6 Qe6 24. Qxc7 Rc8 25. Qf4 Qxe2 26. Rfe1
Qh5 27. Re5 Qg6 28. Qe3 f6 29. Re7 a5 30. Bxc5 Rxc5 31. Qb3+ Kh8 32. Qxb6 Rd5
33. Kg2 h5 34. Qc6 Rad8 35. Rae1 Kh7 36. Ra7 Rd1 37. Ree7 Rg8 38. Rxa5 Qd3 39.
Rxh5+ Kg6 40. Qb5 f5 41. Qxd3 Rxd3 42. Rh4 Rd2 43. Re6+ Kf7 44. Rc6 Re8 45. Rf4
g6 46. h4 Re6 47. Rc5 Rde2 48. Kh3 1-0

[Event "Charlotte Spring IM-D"]
[Site "Charlotte USA"]
[Date "2022.03.20"]
[Round "9.1"]
[White "Yang, Qindong"]
[Black "Chiku-Ratte, Olivier-Kenta"]
[Result "1-0"]
[WhiteElo "2084"]
[BlackElo "2382"]
[PlyCount "136"]
[EventDate "2022.03.16"]
[EventType "tourn"]
[EventRounds "9"]
[EventCountry "USA"]
[EventCategory "1"]
[Source "ChessMix"]
[SourceDate "2022.04.01"]

1. d4 Nf6 2. c4 g6 3. Nf3 Bg7 4. g3 O-O 5. Bg2 d6 6. O-O Nc6 7. Nc3 a6 8. d5
Na5 9. b3 c6 10. dxc6 bxc6 11. Bb2 Rb8 12. Qc1 Qb6 13. Na4 Qc7 14. c5 Bf5 15.
Rd1 Be4 16. cxd6 exd6 17. Qf4 Bxf3 18. Bxf3 Ne8 19. Bxg7 Kxg7 20. Qd4+ Kg8 21.
b4 Nb7 22. Rac1 Nd8 23. Nc3 Qb6 24. a3 a5 25. Qxb6 Rxb6 26. Rb1 axb4 27. Rxb4
Ra6 28. a4 Ne6 29. Rdb1 d5 30. Rb6 N8c7 31. Rxa6 Nxa6 32. Rb6 Nb8 33. a5 Nc5
34. Rb4 Nbd7 35. e4 Ra8 36. exd5 cxd5 37. Rb5 d4 38. Bxa8 dxc3 39. Rb1 Ne4 40.
Bxe4 c2 41. Bd3 cxb1=Q+ 42. Bxb1 Nb8 43. Be4 Na6 44. Bb7 Nc7 45. a6 Nb5 46. Kg2
Kf8 47. Kf3 Ke7 48. Kf4 Kf6 49. Bc6 Na7 50. Bd5 Nb5 51. Ke3 Ke7 52. Kd3 Kd6 53.
Bxf7 Na7 54. h4 Nc6 55. Ke4 Ke7 56. Bd5 Na7 57. Ke5 Nb5 58. f4 Na7 59. g4 Nc8
60. g5 Na7 61. Bg8 Nc6+ 62. Ke4 Kf8 63. Bd5 Na7 64. Kd4 Ke7 65. Kc5 Kd7 66. Bg8
Ke7 67. Bxh7 Kf7 68. f5 Ke8 1-0